Urban Transformation Transit orinted development and the sustainable city (Record no. 7442)
[ view plain ]
| 000 -LEADER | |
|---|---|
| fixed length control field | 00331nam a2200109Ia 4500 |
| 008 - FIXED-LENGTH DATA ELEMENTS--GENERAL INFORMATION | |
| fixed length control field | 200302s9999 xx 000 0 und d |
| 100 ## - MAIN ENTRY--PERSONAL NAME | |
| Personal name | Ronald A. Altoon and Others |
| 245 ## - TITLE STATEMENT | |
| Title | Urban Transformation Transit orinted development and the sustainable city |
| 260 ## - PUBLICATION, DISTRIBUTION, ETC. | |
| Name of publisher, distributor, etc. | Images Publishing Group Pvt. Ltd. |
| 260 ## - PUBLICATION, DISTRIBUTION, ETC. | |
| Date of publication, distribution, etc. | 2011 |
| 300 ## - PHYSICAL DESCRIPTION | |
| Extent | 192 |
| Withdrawn status | Lost status | Damaged status | Not for loan | Permanent Location | Current Location | Date acquired | Cost, normal purchase price | Total Checkouts | Barcode | Date due | Date last seen | Date last checked out | Price effective from | Koha item type |
|---|---|---|---|---|---|---|---|---|---|---|---|---|---|---|
| BMS College of Architecture, Design and Planning | BMS College of Architecture, Design and Planning | 2020-03-03 | 5047.50 | 3 | AR-RD9 | 2025-05-02 | 2025-04-17 | 2025-04-17 | 2020-03-03 | R&D Books |